Statistiques concernant Devinez les drapeaux de pays - multi-choix

Cliquez ici pour prendre le quiz!

Statistiques générales

  • Ce quiz a été pris 247 fois
    (71 depuis la dernière actualisation)
  • Le résultat moyen est 13 sur 15

Statistiques - réponses

Question Answer % Correct
Irlande
99%
Corée du Nord
97%
Turquie
96%
Slovaquie
94%
Argentine
94%
Bangladesh
94%
Malte
94%
Pologne
93%
Danemark
91%
Australie
88%
Mali
87%
Tanzanie
84%
Antigua-et-Barbuda
81%
Irak
80%
Bolivie
74%

Distribution des résultats

Percentile par nombre de réponses

% des personnes avec chaque résultat

Votre développement - résultats

Vous n’avez pas pris ce quiz depuis la dernière actualisation